ბათუმის შოთა რუსთაველის სახელმწიფო უნივერსიტეტის ბიბლიოთეკა

Principles of gynecologic oncology surgery / (ბიბ.ჩანაწერი № 57461)

000 -LEADER
fixed length control field 00839cam a22002418i 4500
001 - CONTROL NUMBER
control field 20365439
005 - DATE AND TIME OF LATEST TRANSACTION
control field 20221105201400.0
008 - FIXED-LENGTH DATA ELEMENTS--GENERAL INFORMATION
fixed length control field 180221s2019 pau b 001 0 eng
020 ## - INTERNATIONAL STANDARD BOOK NUMBER
International Standard Book Number 9780323428781 1
041 ## - LANGUAGE CODE
Language code of text/sound track or separate title eng
080 ## - UNIVERSAL DECIMAL CLASSIFICATION NUMBER
Universal Decimal Classification number 616.99+618 R-11
100 ## - MAIN ENTRY--PERSONAL NAME
Personal name Ramirez, Pedro T.
9 (RLIN) 8726
245 00 - TITLE STATEMENT
Title Principles of gynecologic oncology surgery /
Statement of responsibility, etc. Pedro T. Ramirez, Michael Frumovitz, Nadeem R. Abu-Rustum.
264 #1 - PRODUCTION, PUBLICATION, DISTRIBUTION, MANUFACTURE, AND COPYRIGHT NOTICE
Place of production, publication, distribution, manufacture Philadelphia, PA :
Name of producer, publisher, distributor, manufacturer Elsevier,
Date of production, publication, distribution, manufacture, or copyright notice 2019.
300 ## - PHYSICAL DESCRIPTION
Extent 402 p. ;
Dimensions 28 cm.
504 ## - BIBLIOGRAPHY, ETC. NOTE
Bibliography, etc. note Includes bibliographical references and index.
653 ## - INDEX TERM--UNCONTROLLED
keyword გინეკოლოგია
653 ## - INDEX TERM--UNCONTROLLED
keyword ქირურგია
653 ## - INDEX TERM--UNCONTROLLED
keyword მედიცინა
700 1# - ADDED ENTRY--PERSONAL NAME
Personal name Frumovitz, Michael,
Relator term ავტორი
9 (RLIN) 8727
700 1# - ADDED ENTRY--PERSONAL NAME
Personal name Abu-Rustum, Nadeem R.,
Relator term ავტორი
9 (RLIN) 8728
942 ## - ADDED ENTRY ELEMENTS (KOHA)
Source of classification or shelving scheme
Koha item type წიგნი
ეგზემპლარები
Withdrawn status Lost status Source of classification or shelving scheme Damaged status Not for loan Permanent Location Current Location Shelving location Date acquired Cost, normal purchase price Full call number Barcode Date last seen Copy number Price effective from Koha item type Public note
          ბათუმის შოთა რუსთაველის სახელმწიფო უნივერსიტეტის მთავარი ბიბლიოთეკა ბათუმის შოთა რუსთაველის სახელმწიფო უნივერსიტეტის მთავარი ბიბლიოთეკა წიგნსაცავი 2020-06-24 603.00 616.99+618 R-11 60658 2020-06-24 60658 2020-06-24 წიგნი 603 ლ.